[Event "EU-ch rapid"]
[Site "Minsk"]
[Date "2015.12.19"]
[Round "1"]
[White "Ganichev, Aleksei"]
[Black "Azarov, Sergei Nikolaevich"]
[Result "0-1"]
[WhiteElo "1873"]
[BlackElo "2595"]
[PlyCount "56"]
[EventDate "2015.12.19"]
[EventType "swiss (rapid)"]
[EventRounds "11"]
[EventCountry "BLR"]
[SourceTitle "EXT 2017"]
[Source "ChessBase"]
[SourceDate "2016.10.25"]
[SourceVersion "1"]
[SourceVersionDate "2016.10.25"]
[SourceQuality "1"]

1. e4 e5 2. Nf3 Nc6 3. Bc4 Bc5 4. c3 Nf6 5. d4 exd4 6. cxd4 Bb4+ 7. Nc3 Nxe4 8. 0-0 Nxc3 9. bxc3 d5 10. Re1+ Be7 11. Bxd5 Qxd5 12. c4 Qxc4 13. d5 0-0 14. dxc6 Bd6 15. Bb2 Qxc6 16. Qd4 f6 17. Rac1 Qb5 18. Qc3 Bd7 19. Nd4 Qd5 20. Rcd1 Qxa2 21. Nb3 Qa4 22. Nc5 Bxc5 23. Rxd7 Qxd7 24. Qxc5 Rfe8 25. Rc1 b6 26. Qc3 Rad8 27. h3 c5 28. Qg3 Kh8 0-1

[Event "Myrhorod op"]
[Site "Myrhorod"]
[Date "2010.07.14"]
[Round "9"]
[White "Ganichev, Aleksei"]
[Black "Baranovsky, Sergey"]
[Result "1-0"]
[WhiteElo "1917"]
[BlackElo "2057"]
[PlyCount "61"]
[EventDate "2010.07.09"]
[EventType "swiss"]
[EventRounds "9"]
[EventCountry "UKR"]
[SourceTitle "CBM 137 Extra"]
[Source "ChessBase"]
[SourceDate "2010.09.01"]
[SourceVersion "1"]
[SourceVersionDate "2010.09.01"]
[SourceQuality "1"]

1. e4 c5 2. Nf3 d6 3. c3 Bg4 4. Be2 Nc6 5. 0-0 e6 6. d4 cxd4 7. cxd4 Nf6 8. d5 Bxf3 9. Bxf3 Ne5 10. Be2 Qb6 11. Nc3 exd5 12. Nxd5 Nxd5 13. Qxd5 Be7 14. Be3 Qc7 15. Rac1 Nc6 16. b4 Qd7 17. b5 Nd8 18. b6 a6 19. Rc7 Qe6 20. Bc4 Rb8 21. Qd1 Qg6 22. Qa4+ Nc6 23. Rxb7 0-0 24. Qxc6 Bf6 25. Rxb8 Rxb8 26. b7 Rf8 27. Qxd6 Qxe4 28. Qxf8+ Kxf8 29. b8Q+ Ke7 30. Qb4+ Ke8 31. Bxf7+ 1-0

[Event "Myrhorod op"]
[Site "Myrhorod"]
[Date "2010.07.11"]
[Round "4"]
[White "Dumansky, Yaroslav"]
[Black "Ganichev, Aleksei"]
[Result "1-0"]
[WhiteElo "2374"]
[BlackElo "1917"]
[PlyCount "77"]
[EventDate "2010.07.09"]
[EventType "swiss"]
[EventRounds "9"]
[EventCountry "UKR"]
[SourceTitle "CBM 137 Extra"]
[Source "ChessBase"]
[SourceDate "2010.09.01"]
[SourceVersion "1"]
[SourceVersionDate "2010.09.01"]
[SourceQuality "1"]

1. d4 Nf6 2. Nf3 e6 3. Bg5 d5 4. e3 Be7 5. c4 0-0 6. Nc3 h6 7. Bxf6 Bxf6 8. Rc1 Nc6 9. h3 b6 10. cxd5 exd5 11. Bd3 Re8 12. 0-0 Nb4 13. Bb1 c5 14. a3 Ba6 15. axb4 Bxf1 16. Qxf1 cxb4 17. Ne2 a5 18. Nf4 a4 19. Qb5 a3 20. bxa3 bxa3 21. Ba2 Rc8 22. Ra1 Qd6 23. Nxd5 Re6 24. Bb3 Qf8 25. Nb4 Ree8 26. Rxa3 Be7 27. Ra4 Rc1+ 28. Kh2 Bd6+ 29. g3 Rec8 30. Nd3 R1c3 31. Ra7 R8c7 32. Rxc7 Bxc7 33. Nde5 Qa8 34. Qd7 Bxe5 35. Qxf7+ Kh8 36. Nxe5 Rc1 37. Ng6+ Kh7 38. Nf8+ Kh8 39. Qg8# 1-0

[Event "Myrhorod op"]
[Site "Myrhorod"]
[Date "2010.07.11"]
[Round "5"]
[White "Ganichev, Aleksei"]
[Black "Plaksin, Valeriy"]
[Result "0-1"]
[WhiteElo "1917"]
[BlackElo "2220"]
[PlyCount "128"]
[EventDate "2010.07.09"]
[EventType "swiss"]
[EventRounds "9"]
[EventCountry "UKR"]
[SourceTitle "CBM 137 Extra"]
[Source "ChessBase"]
[SourceDate "2010.09.01"]
[SourceVersion "1"]
[SourceVersionDate "2010.09.01"]
[SourceQuality "1"]

1. e4 g6 2. d4 Bg7 3. Nf3 d6 4. Nc3 c6 5. Be3 b5 6. a3 Nd7 7. Be2 Rb8 8. 0-0 Ngf6 9. Ne1 a5 10. Bf3 0-0 11. Nd3 Qc7 12. Qd2 Nb6 13. b3 Ng4 14. Bxg4 Bxg4 15. Bh6 Bd7 16. Bxg7 Kxg7 17. f4 c5 18. dxc5 dxc5 19. f5 c4 20. Nf4 Qc5+ 21. Kh1 Rbd8 22. Ncd5 Nxd5 23. Nxd5 Bxf5 24. Qc3+ f6 25. Nxf6 Rxf6 26. exf5 b4 27. axb4 axb4 28. Qxc4 Qxc4 29. bxc4 Rxf5 30. Rfe1 Kf6 31. Ra4 Rb8 32. Ra6+ Kg5 33. h4+ Kxh4 34. Rxe7 Kg3 35. Kg1 Rd8 36. Re3+ Kf4 37. Rf3+ Ke4 38. Re6+ Re5 39. Rb6 Rd1+ 40. Rf1 Rxf1+ 41. Kxf1 Rf5+ 42. Ke1 Rg5 43. Kf2 Ra5 44. Ke2 Ra4 45. Rd6 Ra2 46. Kd1 Ra5 47. Kc1 Rc5 48. Kb2 Rxc4 49. Rd3 Kf5 50. Kb3 Re4 51. Rd5+ Kf4 52. Rb5 h5 53. Rxb4 h4 54. Rxe4+ Kxe4 55. c4 g5 56. Kb4 g4 57. c5 Kd5 58. Kb5 h3 59. c6 Kd6 60. Kb6 hxg2 61. c7 g1Q+ 62. Kb7 Qb1+ 63. Kc8 Qb3 64. Kd8 Qg8# 0-1

[Event "Minsk Spring SDUSHOR Cup"]
[Site "Minsk"]
[Date "2009.05.16"]
[Round "6"]
[White "Ganichev, Aleksei"]
[Black "Andreev, Eduard"]
[Result "1-0"]
[WhiteElo "1949"]
[BlackElo "1934"]
[PlyCount "53"]
[EventDate "2009.05.11"]
[EventType "tourn"]
[EventRounds "9"]
[EventCountry "BLR"]
[SourceTitle "EXT 2022"]
[Source "ChessBase"]
[SourceDate "2021.10.06"]
[SourceVersion "1"]
[SourceVersionDate "2021.10.06"]
[SourceQuality "1"]

1. e4 e5 2. Nf3 Nc6 3. Bc4 Nf6 4. d3 Be7 5. 0-0 d6 6. Bb3 Bg4 7. c3 Qd7 8. Nbd2 0-0 9. Re1 Rad8 10. h3 Bh5 11. Nf1 a6 12. Bg5 Ne8 13. Be3 Na5 14. Bc2 f6 15. Ng3 Bf7 16. d4 g6 17. d5 Nc4 18. Bh6 Ng7 19. b3 Nb6 20. c4 c5 21. Qd2 Qc7 22. h4 Nd7 23. h5 b5 24. Nh4 Nb6 25. hxg6 hxg6 26. Bxg7 Kxg7 27. Ngf5+ 1-0